[Event "MEX ol U16"]
[Site "Mexico City"]
[Date "2001.??.??"]
[Round "?"]
[White "Montero Gonzalez, Karla"]
[Black "Centeno Perez, Nadia"]
[Result "1-0"]
[WhiteElo "1353"]
[BlackElo "1220"]
[PlyCount "69"]
[EventDate "2001.??.??"]
[EventType "swiss"]
[EventRounds "6"]
[EventCountry "MEX"]
[SourceTitle "EXT 2004"]
[Source "ChessBase"]
[SourceDate "2003.11.25"]
[SourceVersion "1"]
[SourceVersionDate "2003.11.25"]
[SourceQuality "1"]

1. e4 e5 2. Nf3 Nc6 3. Bc4 Bc5 4. c3 Nf6 5. d4 exd4 6. e5 d5 7. Bb5 Ne4 8. cxd4 Bb4+ 9. Nbd2 Bxd2+ 10. Nxd2 Nxd2 11. Bxd2 Bd7 12. Be3 a6 13. Ba4 0-0 14. 0-0 b5 15. Bc2 Ne7 16. Bg5 h6 17. b4 Qe8 18. Bxe7 Qxe7 19. Qd3 g6 20. Rfe1 Bf5 21. Qd2 Bxc2 22. Qxc2 Rfe8 23. Rac1 Rac8 24. Qc6 Qe6 25. Qb7 Re7 26. Rc6 Qd7 27. Qxa6 Rb8 28. e6 fxe6 29. Rexe6 Rbe8 30. Rxg6+ Rg7 31. h3 Re4 32. Rxg7+ Kxg7 33. Rg6+ Kf8 34. Qf6+ Ke8 35. Rg8# 1-0